[Event "Campeonato España Sub 12"]
[Site "Salobreña"]
[Date "2017.07.12"]
[Round "5"]
[White "Vergara Anton, Diego"]
[Black "Gonzalez Manrique, Mario"]
[Result "1-0"]
[Board "15"]
[WhiteClock "1:30"]
[WhiteElo "1628"]
[WhiteCountry "ESP"]
[WhiteFideId "24524310"]
[WhiteEloChange "6"]
[BlackClock "1:30"]
[BlackElo "1465"]
[BlackCountry "ESP"]
[BlackFideId "24509078"]
[BlackEloChange "-6"]

1. d4 {[%clk 1:30:00]} Nf6 {[%clk 1:30:00]} 2. c4 {[%clk 1:31:00]} d6 {[%clk
1:30:00]} 3. Nf3 {[%clk 1:31:00]} Nbd7 {[%clk 1:30:00]} 4. g3 {[%clk 1:31:00]} e5
{[%clk 1:31:00]} 5. e3 {[%clk 1:30:00]} c6 {[%clk 1:30:00]} 6. Bg2 {[%clk
1:29:00]} Be7 {[%clk 1:30:00]} 7. O-O {[%clk 1:26:00]} O-O {[%clk 1:29:00]} 8.
Nc3 {[%clk 1:22:00]} Re8 {[%clk 1:28:00]} 9. Qc2 {[%clk 1:20:00]} Bf8 {[%clk
1:27:00]} 10. b3 {[%clk 1:18:00]} a6 {[%clk 1:25:00]} 11. Bb2 {[%clk 1:16:00]}
Nb6 {[%clk 1:18:00]} 12. dxe5 {[%clk 1:13:00]} dxe5 {[%clk 1:17:00]} 13. Rfd1
{[%clk 1:12:00]} Qc7 {[%clk 1:16:00]} 14. Ne4 {[%clk 1:05:00]} Nxe4 {[%clk
1:14:00]} 15. Qxe4 {[%clk 1:05:00]} f6 {[%clk 1:14:00]} 16. Rac1 {[%clk 0:58:00]}
Be6 {[%clk 1:13:00]} 17. Rd2 {[%clk 0:49:00]} Bf7 {[%clk 1:10:00]} 18. Qc2 {[%clk
0:44:00]} Bg6 {[%clk 1:04:00]} 19. e4 {[%clk 0:41:00]} Bb4 {[%clk 1:01:00]} 20.
Rdd1 {[%clk 0:40:00]} Rad8 {[%clk 1:00:00]} 21. c5 {[%clk 0:38:00]} Nd7 {[%clk
1:00:00]} 22. Qc4+ {[%clk 0:38:00]} Kh8 {[%clk 0:58:00]} 23. Qxb4 {[%clk
0:38:00]} Nf8 {[%clk 0:58:00]} 24. Qc4 {[%clk 0:35:00]} Bf7 {[%clk 0:56:00]} 25.
Qc2 {[%clk 0:34:00]} Ne6 {[%clk 0:56:00]} 26. a3 {[%clk 0:33:00]} Bh5 {[%clk
0:55:00]} 27. Rxd8 {[%clk 0:33:00]} Rxd8 {[%clk 0:55:00]} 28. b4 {[%clk 0:30:00]}
Qd7 {[%clk 0:54:00]} 29. Bc3 {[%clk 0:29:00]} Nc7 {[%clk 0:53:00]} 30. Re1 {[%clk
0:21:00]} Qe6 {[%clk 0:51:00]} 31. Rd1 {[%clk 0:19:19]} Rxd1+ {[%clk 0:49:00]}
32. Qxd1 {[%clk 0:19:43]} Qc4 {[%clk 0:50:00]} 33. Qd8+ {[%clk 0:17:29]} Ne8
{[%clk 0:50:00]} 34. Qd2 {[%clk 0:15:51]} Qxe4 {[%clk 0:49:00]} 35. Ne1 {[%clk
0:14:25]} Qf5 {[%clk 0:47:00]} 36. h3 {[%clk 0:13:44]} Qe6 {[%clk 0:46:00]} 37.
g4 {[%clk 0:11:55]} Bg6 {[%clk 0:44:00]} 38. Nf3 {[%clk 0:11:34]} Qb3 {[%clk
0:44:00]} 39. Bb2 {[%clk 0:11:25]} Qe6 {[%clk 0:41:00]} 40. Nh4 {[%clk 0:11:12]}
Kg8 {[%clk 0:40:00]} 41. Nxg6 {[%clk 0:11:16]} hxg6 {[%clk 0:41:00]} 42. Qc2
{[%clk 0:10:50]} g5 {[%clk 0:40:00]} 43. Be4 {[%clk 0:10:53]} Nc7 {[%clk
0:39:00]} 44. Qd3 {[%clk 0:10:37]} Nd5 {[%clk 0:39:00]} 45. Bf5 {[%clk 0:10:30]}
Qe7 {[%clk 0:39:00]} 46. Be4 {[%clk 0:10:24]} Nf4 {[%clk 0:39:00]} 47. Qb3+
{[%clk 0:10:20]} Kf8 {[%clk 0:39:00]} 48. Kh2 {[%clk 0:09:16]} Qd7 {[%clk
0:39:00]} 49. Qc2 {[%clk 0:08:47]} Qd8 {[%clk 0:37:00]} 50. Bc1 {[%clk 0:08:47]}
Qd4 {[%clk 0:37:00]} 51. Bxf4 {[%clk 0:08:47]} exf4 {[%clk 0:37:00]} 52. Kg2
{[%clk 0:08:52]} Ke7 {[%clk 0:36:00]} 53. Qd3 {[%clk 0:09:09]} Qe5 {[%clk
0:36:00]} 54. Bf5 {[%clk 0:09:15]} Qc7 {[%clk 0:36:00]} 55. Qe4+ {[%clk 0:09:28]}
Kf8 {[%clk 0:36:00]} 56. Qe6 {[%clk 0:09:31]} f3+ {[%clk 0:35:00]} 57. Kxf3
{[%clk 0:08:49]} Qf4+ {[%clk 0:35:00]} 58. Kg2 {[%clk 0:08:49]} 1-0

[Event "Campeonato España Sub 12"]
[Site "Salobreña"]
[Date "2017.07.12"]
[Round "5"]
[White "Gonzalez Manrique, Mario"]
[Black "Roca Planas, Edgar"]
[Result "1/2-1/2"]
[Board "16"]
[WhiteClock "1:30"]
[WhiteElo "1465"]
[WhiteCountry "ESP"]
[WhiteFideId "24509078"]
[WhiteEloChange "3"]
[BlackClock "1:30"]
[BlackElo "1578"]
[BlackCountry "ESP"]
[BlackFideId "24561290"]
[BlackEloChange "-3"]

1. d4 {[%clk 1:30:00]} g6 {[%clk 1:30:00]} 2. Nf3 {[%clk 1:31:00]} Bg7 {[%clk
1:30:00]} 3. e3 {[%clk 1:31:00]} d5 {[%clk 1:30:00]} 4. Bd3 {[%clk 1:31:00]} Nf6
{[%clk 1:30:00]} 5. O-O {[%clk 1:31:00]} O-O {[%clk 1:30:00]} 6. Nbd2 {[%clk
1:31:00]} Nbd7 {[%clk 1:30:00]} 7. b3 {[%clk 1:30:00]} e5 {[%clk 1:28:00]} 8.
dxe5 {[%clk 1:27:00]} Ng4 {[%clk 1:28:00]} 9. Bb2 {[%clk 1:25:00]} Ngxe5 {[%clk
1:28:00]} 10. Nxe5 {[%clk 1:18:00]} Nxe5 {[%clk 1:28:00]} 11. Rb1 {[%clk
1:13:00]} c5 {[%clk 1:18:00]} 12. Be2 {[%clk 1:06:00]} b6 {[%clk 1:06:00]} 13.
Nf3 {[%clk 0:57:00]} Nc6 {[%clk 1:00:00]} 14. Bxg7 {[%clk 0:48:00]} Kxg7 {[%clk
1:00:00]} 15. a3 {[%clk 0:41:00]} a5 {[%clk 0:43:00]} 16. c4 {[%clk 0:27:00]}
dxc4 {[%clk 0:39:00]} 17. Bxc4 {[%clk 0:27:00]} Ba6 {[%clk 0:37:00]} 18. Bxa6
{[%clk 0:24:00]} Rxa6 {[%clk 0:37:00]} 19. Qc2 {[%clk 0:23:00]} Qf6 {[%clk
0:30:00]} 20. Rfd1 {[%clk 0:20:00]} Raa8 {[%clk 0:27:00]} 21. Qb2 {[%clk
0:16:49]} Rfd8 {[%clk 0:25:00]} 22. Qxf6+ {[%clk 0:15:06]} Kxf6 {[%clk 0:25:00]}
23. Kf1 {[%clk 0:13:54]} Ke7 {[%clk 0:20:00]} 24. Ke2 {[%clk 0:13:56]} f6 {[%clk
0:20:00]} 25. h3 {[%clk 0:12:36]} Na7 {[%clk 0:18:15]} 26. a4 {[%clk 0:11:42]}
Nc6 {[%clk 0:18:34]} 27. Nd2 {[%clk 0:10:41]} Kd7 {[%clk 0:09:40]} 28. Ne4+
{[%clk 0:09:11]} Ke6 {[%clk 0:09:36]} 29. Nd2 {[%clk 0:09:22]} Kd7 {[%clk
0:09:44]} 30. Ne4+ {[%clk 0:09:44]} Ke6 {[%clk 0:10:01]} 31. Nd2 {[%clk 0:10:08]}
1/2-1/2

[Event "Campeonato España Sub 12"]
[Site "Salobreña"]
[Date "2017.07.12"]
[Round "5"]
[White "Cesar Maestre, Bernardo"]
[Black "Karunanithi, Bharath"]
[Result "0-1"]
[Board "17"]
[WhiteClock "1:30"]
[WhiteElo "1626"]
[WhiteCountry "ESP"]
[WhiteFideId "24542547"]
[WhiteEloChange "-15"]
[BlackClock "1:30"]
[BlackElo "1457"]
[BlackCountry "ESP"]
[BlackFideId "24534790"]
[BlackEloChange "15"]

1. d4 {[%clk 1:30:00]} Nf6 {[%clk 1:30:00]} 2. c4 {[%clk 1:31:00]} e6 {[%clk
1:31:00]} 3. Nc3 {[%clk 1:31:00]} Bb4 {[%clk 1:31:00]} 4. f3 {[%clk 1:31:00]} c5
{[%clk 1:30:00]} 5. d5 {[%clk 1:31:00]} O-O {[%clk 1:30:00]} 6. e4 {[%clk
1:31:00]} Bxc3+ {[%clk 1:27:00]} 7. bxc3 {[%clk 1:31:00]} d6 {[%clk 1:28:00]} 8.
Bd3 {[%clk 1:31:00]} b6 {[%clk 1:28:00]} 9. Ne2 {[%clk 1:31:00]} Nbd7 {[%clk
1:27:00]} 10. O-O {[%clk 1:31:00]} Ba6 {[%clk 1:27:00]} 11. Bf4 {[%clk 1:29:00]}
Qe7 {[%clk 1:24:00]} 12. h3 {[%clk 1:29:00]} Nh5 {[%clk 1:08:00]} 13. Bh2 {[%clk
1:29:00]} f5 {[%clk 1:08:00]} 14. dxe6 {[%clk 1:27:00]} Qxe6 {[%clk 1:05:00]} 15.
exf5 {[%clk 1:26:00]} Qe3+ {[%clk 1:05:00]} 16. Kh1 {[%clk 1:26:00]} Ne5 {[%clk
1:04:00]} 17. Bxe5 {[%clk 1:23:00]} Qxe5 {[%clk 1:03:00]} 18. Qc2 {[%clk
1:21:00]} d5 {[%clk 1:02:00]} 19. Rfe1 {[%clk 0:00:00]} Bxc4 {[%clk 0:59:00]} 20.
Bxc4 {[%clk 1:13:00]} dxc4 {[%clk 1:00:00]} 21. Qa4 {[%clk 1:12:00]} Qxf5 {[%clk
0:56:00]} 22. Qxc4+ {[%clk 1:11:00]} Kh8 {[%clk 0:56:00]} 23. Rad1 {[%clk
1:01:00]} Rae8 {[%clk 0:56:00]} 24. Kg1 {[%clk 0:50:00]} h6 {[%clk 0:56:00]} 25.
Kf2 {[%clk 0:38:00]} Qe5 {[%clk 0:51:00]} 26. Qd5 {[%clk 0:33:00]} Qe3+ {[%clk
0:49:00]} 27. Kf1 {[%clk 0:33:00]} Re5 {[%clk 0:49:00]} 28. Qd3 {[%clk 0:29:00]}
Qg5 {[%clk 0:48:00]} 29. Qd2 {[%clk 0:21:00]} Qh4 {[%clk 0:41:00]} 30. Qd6 {[%clk
0:16:08]} Ref5 {[%clk 0:39:00]} 31. Qh2 {[%clk 0:15:09]} g5 {[%clk 0:37:00]} 32.
Rd6 {[%clk 0:13:42]} Kg7 {[%clk 0:35:00]} 33. Rd7+ {[%clk 0:13:48]} Kg8 {[%clk
0:36:00]} 34. Qd6 {[%clk 0:12:25]} Rxf3+ {[%clk 0:35:00]} 35. Kg1 {[%clk
0:08:45]} Qf2+ {[%clk 0:35:00]} 36. Kh1 {[%clk 0:08:05]} Rxh3+ {[%clk 0:35:00]}
37. gxh3 {[%clk 0:08:10]} Qxe1+ {[%clk 0:36:00]} 38. Ng1 {[%clk 0:08:09]} Ng3+
{[%clk 0:36:00]} 39. Kg2 {[%clk 0:07:34]} Qf2# {[%clk 0:36:00]} 0-1

[Event "Campeonato España Sub 12"]
[Site "Salobreña"]
[Date "2017.07.12"]
[Round "5"]
[White "Sanchez Lopez, Jesus"]
[Black "Cervello Navarro, Hector"]
[Result "1/2-1/2"]
[Board "18"]
[WhiteClock "1:30"]
[WhiteElo "1606"]
[WhiteCountry "ESP"]
[WhiteFideId "24500011"]
[WhiteEloChange "-5"]
[BlackClock "1:30"]
[BlackElo "1434"]
[BlackCountry "ESP"]
[BlackFideId "24585181"]
[BlackEloChange "5"]

1. e4 {[%clk 1:30:00]} e6 {[%clk 1:30:00]} 2. d4 {[%clk 1:31:00]} d5 {[%clk
1:31:00]} 3. Nd2 {[%clk 1:31:00]} dxe4 {[%clk 1:31:00]} 4. Nxe4 {[%clk 1:31:00]}
Bd7 {[%clk 1:32:00]} 5. Nf3 {[%clk 1:30:00]} Bc6 {[%clk 1:32:00]} 6. Bd3 {[%clk
1:30:00]} Nd7 {[%clk 1:33:00]} 7. O-O {[%clk 1:29:00]} Ngf6 {[%clk 1:33:00]} 8.
Qe2 {[%clk 1:28:00]} Be7 {[%clk 1:33:00]} 9. Nxf6+ {[%clk 1:18:00]} Nxf6 {[%clk
1:32:00]} 10. Be3 {[%clk 1:15:00]} Bxf3 {[%clk 1:28:00]} 11. Qxf3 {[%clk
1:14:00]} c6 {[%clk 1:28:00]} 12. c4 {[%clk 1:13:00]} O-O {[%clk 1:23:00]} 13.
Rfd1 {[%clk 1:07:00]} Qd7 {[%clk 1:19:00]} 14. Rac1 {[%clk 1:00:00]} Rfd8 {[%clk
1:18:00]} 15. h4 {[%clk 0:53:00]} h5 {[%clk 1:06:00]} 16. Bg5 {[%clk 0:37:00]}
Ng4 {[%clk 1:05:00]} 17. Bxe7 {[%clk 0:36:00]} Qxe7 {[%clk 1:05:00]} 18. g3
{[%clk 0:25:00]} Qf6 {[%clk 1:04:00]} 19. Qxf6 {[%clk 0:24:00]} Nxf6 {[%clk
1:05:00]} 20. Be2 {[%clk 0:22:00]} Rd7 {[%clk 1:00:00]} 21. Rd3 {[%clk 0:20:00]}
Rad8 {[%clk 1:00:00]} 22. Rcd1 {[%clk 0:19:51]} g6 {[%clk 0:52:00]} 23. Kg2
{[%clk 0:15:07]} Kg7 {[%clk 0:33:00]} 24. a3 {[%clk 0:13:12]} Ne8 {[%clk
0:27:00]} 25. Kf3 {[%clk 0:02:32]} Nd6 {[%clk 0:25:00]} 26. b3 {[%clk 0:01:39]}
Nf5 {[%clk 0:15:53]} 27. Ke4 {[%clk 0:02:06]} Kf6 {[%clk 0:16:13]} 28. Bf3 {[%clk
0:01:18]} Nd6+ {[%clk 0:16:13]} 29. Ke3 {[%clk 0:01:31]} Nf5+ {[%clk 0:16:38]}
30. Ke4 {[%clk 0:01:57]} Nd6+ {[%clk 0:17:04]} 31. Ke3 {[%clk 0:01:57]} 1/2-1/2

[Event "Campeonato España Sub 12"]
[Site "Salobreña"]
[Date "2017.07.12"]
[Round "5"]
[White "Lorente Serrano, Rosa Adela"]
[Black "Fernandez Lopez, Pedro"]
[Result "1-0"]
[Board "19"]
[WhiteClock "1:30"]
[WhiteElo "1596"]
[WhiteCountry "ESP"]
[WhiteFideId "32091982"]
[WhiteEloChange "4"]
[BlackClock "1:30"]
[BlackElo "1367"]
[BlackCountry "ESP"]
[BlackFideId "24525162"]
[BlackEloChange "-4"]

1. b3 {[%clk 1:30:00]} d5 {[%clk 1:30:00]} 2. Bb2 {[%clk 1:30:00]} Bg4 {[%clk
1:31:00]} 3. g3 {[%clk 1:23:00]} e6 {[%clk 1:27:00]} 4. Bg2 {[%clk 1:23:00]} Nf6
{[%clk 1:24:00]} 5. Nf3 {[%clk 1:22:00]} Nbd7 {[%clk 1:23:00]} 6. d3 {[%clk
1:21:00]} Be7 {[%clk 1:21:00]} 7. O-O {[%clk 1:21:00]} O-O {[%clk 1:20:00]} 8.
Nbd2 {[%clk 1:19:00]} h6 {[%clk 1:16:00]} 9. e4 {[%clk 1:12:00]} Nb6 {[%clk
1:12:00]} 10. e5 {[%clk 1:11:00]} Nfd7 {[%clk 1:12:00]} 11. Re1 {[%clk 1:12:00]}
c5 {[%clk 1:09:00]} 12. Nf1 {[%clk 1:09:00]} Qc7 {[%clk 1:06:00]} 13. h3 {[%clk
1:09:00]} Bh5 {[%clk 1:04:00]} 14. N1h2 {[%clk 1:06:00]} Rfd8 {[%clk 1:02:00]}
15. g4 {[%clk 0:58:00]} Bg6 {[%clk 1:02:00]} 16. h4 {[%clk 0:58:00]} Rac8 {[%clk
0:59:00]} 17. h5 {[%clk 0:50:00]} Bh7 {[%clk 0:58:00]} 18. c3 {[%clk 0:40:00]} c4
{[%clk 0:56:00]} 19. d4 {[%clk 0:40:00]} a6 {[%clk 0:52:00]} 20. Qd2 {[%clk
0:40:00]} Na8 {[%clk 0:47:00]} 21. g5 {[%clk 0:34:00]} hxg5 {[%clk 0:45:00]} 22.
Nxg5 {[%clk 0:34:00]} Bf5 {[%clk 0:44:00]} 23. Kh1 {[%clk 0:28:00]} b5 {[%clk
0:41:00]} 24. Rg1 {[%clk 0:26:00]} b4 {[%clk 0:40:00]} 25. Rac1 {[%clk 0:26:00]}
Qa5 {[%clk 0:39:00]} 26. Bh3 {[%clk 0:23:00]} Bxh3 {[%clk 0:37:00]} 27. Nxh3
{[%clk 0:23:00]} Qxa2 {[%clk 0:36:00]} 28. Qh6 {[%clk 0:19:12]} g6 {[%clk
0:34:00]} 29. hxg6 {[%clk 0:19:27]} Nf8 {[%clk 0:34:00]} 30. gxf7+ {[%clk
0:17:51]} Kxf7 {[%clk 0:34:00]} 31. Qh5+ {[%clk 0:17:51]} 1-0

[Event "Campeonato España Sub 12"]
[Site "Salobreña"]
[Date "2017.07.12"]
[Round "5"]
[White "Tabuenca Mendataurigoitia, Pedro"]
[Black "Moll Gener, Joan"]
[Result "0-1"]
[Board "20"]
[WhiteClock "1:30"]
[WhiteElo "1451"]
[WhiteCountry "ESP"]
[WhiteFideId "24515167"]
[WhiteEloChange "-6"]
[BlackClock "1:30"]
[BlackElo "1593"]
[BlackCountry "ESP"]
[BlackFideId "24505960"]
[BlackEloChange "6"]

1. e4 {[%clk 1:30:00]} c5 {[%clk 1:30:00]} 2. Nf3 {[%clk 1:31:00]} d6 {[%clk
1:31:00]} 3. d4 {[%clk 1:31:00]} cxd4 {[%clk 1:31:00]} 4. Nxd4 {[%clk 1:32:00]}
Nf6 {[%clk 1:32:00]} 5. Nc3 {[%clk 1:32:00]} a6 {[%clk 1:32:00]} 6. Be3 {[%clk
1:32:00]} e5 {[%clk 1:32:00]} 7. Nb3 {[%clk 1:32:00]} Be6 {[%clk 1:32:00]} 8. f3
{[%clk 1:32:00]} Be7 {[%clk 1:32:00]} 9. Qd2 {[%clk 1:32:00]} Nbd7 {[%clk
1:31:00]} 10. O-O-O {[%clk 1:30:00]} Qc7 {[%clk 1:29:00]} 11. Kb1 {[%clk
1:29:00]} O-O {[%clk 1:29:00]} 12. g4 {[%clk 1:29:00]} b5 {[%clk 1:27:00]} 13. a3
{[%clk 1:28:00]} Nc5 {[%clk 1:25:00]} 14. Nxc5 {[%clk 1:22:00]} dxc5 {[%clk
1:25:00]} 15. Qg2 {[%clk 1:19:00]} b4 {[%clk 1:21:00]} 16. axb4 {[%clk 1:20:00]}
cxb4 {[%clk 1:15:00]} 17. Na4 {[%clk 1:16:00]} b3 {[%clk 1:10:00]} 18. Nc3 {[%clk
1:10:00]} Rfb8 {[%clk 1:06:00]} 19. Rc1 {[%clk 1:09:00]} Ba3 {[%clk 0:55:00]} 20.
Na4 {[%clk 0:52:00]} Qa5 {[%clk 0:51:00]} 21. cxb3 {[%clk 0:52:00]} Rxb3 {[%clk
0:51:00]} 22. Bc4 {[%clk 0:50:00]} Bxc4 {[%clk 0:43:00]} 23. Rxc4 {[%clk
0:50:00]} Rxe3 {[%clk 0:42:00]} 24. Qc2 {[%clk 0:48:00]} Bf8 {[%clk 0:34:00]} 25.
g5 {[%clk 0:45:00]} Nh5 {[%clk 0:33:00]} 26. Rd1 {[%clk 0:45:00]} Re1 {[%clk
0:32:00]} 27. Nc3 {[%clk 0:43:00]} Rxd1+ {[%clk 0:32:00]} 28. Qxd1 {[%clk
0:44:00]} Qd8 {[%clk 0:32:00]} 29. Nd5 {[%clk 0:44:00]} Nf4 {[%clk 0:29:00]} 30.
Rc1 {[%clk 0:40:00]} Nxd5 {[%clk 0:29:00]} 31. exd5 {[%clk 0:41:00]} Qxg5 {[%clk
0:29:00]} 32. d6 {[%clk 0:41:00]} Qg6+ {[%clk 0:29:00]} 33. Ka1 {[%clk 0:41:00]}
Qxd6 {[%clk 0:29:00]} 0-1

[Event "Campeonato España Sub 12"]
[Site "Salobreña"]
[Date "2017.07.13"]
[Round "6"]
[White "Revaliente Montoya, Ciro"]
[Black "Garrido Outon, Alex"]
[Result "1/2-1/2"]
[Board "1"]
[WhiteClock "n/a"]
[WhiteElo "1992"]
[WhiteCountry "ESP"]
[WhiteFideId "24538442"]
[WhiteEloChange "2"]
[BlackClock "n/a"]
[BlackElo "2074"]
[BlackCountry "ESP"]
[BlackFideId "24516279"]
[BlackEloChange "-2"]

1. e4 {[%clk 1:30:30]} e5 {[%clk 1:30:30]} 2. Nf3 {[%clk 1:30:30]} Nc6 {[%clk
1:30:30]} 3. Nc3 {[%clk 1:30:30]} Nf6 {[%clk 1:30:30]} 4. d4 {[%clk 1:30:30]}
exd4 {[%clk 1:30:30]} 5. Nxd4 {[%clk 1:30:30]} Bb4 {[%clk 1:30:30]} 6. Nxc6
{[%clk 1:30:30]} bxc6 {[%clk 1:30:30]} 7. Bd3 {[%clk 1:30:30]} O-O {[%clk
1:30:30]} 8. O-O {[%clk 1:30:30]} d5 {[%clk 1:30:30]} 9. exd5 {[%clk 1:30:30]}
cxd5 {[%clk 1:30:30]} 10. h3 {[%clk 1:30:30]} c6 {[%clk 1:30:30]} 11. Qf3 {[%clk
1:30:30]} Rb8 {[%clk 1:30:30]} 12. Bg5 {[%clk 1:30:30]} Be7 {[%clk 1:30:30]} 13.
b3 {[%clk 1:30:30]} h6 {[%clk 1:30:30]} 14. Bxh6 {[%clk 1:30:30]} gxh6 {[%clk
1:30:30]} 15. Qg3+ {[%clk 1:30:30]} Bg4 {[%clk 1:30:30]} 16. hxg4 {[%clk
1:30:30]} Bd6 {[%clk 1:30:30]} 17. Qh4 {[%clk 1:30:30]} Be5 {[%clk 1:30:30]} 18.
Qxh6 {[%clk 1:30:30]} Bxc3 {[%clk 1:30:30]} 19. Qg5+ {[%clk 1:30:30]} Kh8 {[%clk
1:30:30]} 20. Qh6+ {[%clk 1:30:30]} Kg8 {[%clk 1:30:30]} 21. Qg5+ {[%clk
1:30:30]} Kh8 {[%clk 1:30:30]} 22. Qh6+ {[%clk 1:30:30]} Kg8 {[%clk 1:30:30]} 23.
Qg5+ {[%clk 1:30:30]} Kh8 {[%clk 1:30:30]} 24. Qh6+ {[%clk 1:30:30]} 1/2-1/2

[Event "Campeonato España Sub 12"]
[Site "Salobreña"]
[Date "2017.07.13"]
[Round "6"]
[White "Villalba Embid, Marcos"]
[Black "Reyes Penas, Sebastian"]
[Result "1-0"]
[Board "2"]
[WhiteClock "1:30"]
[WhiteElo "1868"]
[WhiteCountry "ESP"]
[WhiteFideId "24505277"]
[WhiteEloChange "12"]
[BlackClock "1:30"]
[BlackElo "1940"]
[BlackCountry "ESP"]
[BlackFideId "32035780"]
[BlackEloChange "-12"]

1. e4 {[%clk 1:30:00]} c5 {[%clk 1:30:00]} 2. Nf3 {[%clk 1:31:00]} e6 {[%clk
1:31:00]} 3. d4 {[%clk 1:31:00]} cxd4 {[%clk 1:31:00]} 4. Nxd4 {[%clk 1:32:00]}
a6 {[%clk 1:32:00]} 5. Nc3 {[%clk 1:32:00]} Qc7 {[%clk 1:32:00]} 6. g3 {[%clk
1:32:00]} Nf6 {[%clk 1:32:00]} 7. Bg2 {[%clk 1:33:00]} Be7 {[%clk 1:32:00]} 8.
O-O {[%clk 1:33:00]} d6 {[%clk 1:33:00]} 9. Be3 {[%clk 1:33:00]} O-O {[%clk
1:32:00]} 10. g4 {[%clk 1:33:00]} Nc6 {[%clk 1:32:00]} 11. g5 {[%clk 1:32:00]}
Ne8 {[%clk 1:31:00]} 12. f4 {[%clk 1:32:00]} g6 {[%clk 1:25:00]} 13. f5 {[%clk
1:24:00]} Ne5 {[%clk 1:18:00]} 14. f6 {[%clk 1:08:00]} Bd8 {[%clk 1:18:00]} 15.
Kh1 {[%clk 1:08:00]} h5 {[%clk 1:14:00]} 16. a4 {[%clk 0:56:00]} b6 {[%clk
1:09:00]} 17. Nde2 {[%clk 0:54:00]} Ng4 {[%clk 1:08:00]} 18. Bg1 {[%clk 0:54:00]}
Bb7 {[%clk 1:09:00]} 19. Nf4 {[%clk 0:48:00]} Qc4 {[%clk 1:06:00]} 20. h3 {[%clk
0:37:00]} Ne5 {[%clk 1:06:00]} 21. Bd4 {[%clk 0:33:00]} b5 {[%clk 1:02:00]} 22.
axb5 {[%clk 0:33:00]} axb5 {[%clk 1:02:00]} 23. Rxa8 {[%clk 0:33:00]} Bxa8 {[%clk
1:02:00]} 24. Bxe5 {[%clk 0:33:00]} dxe5 {[%clk 1:03:00]} 25. Nxg6 {[%clk
0:32:00]} fxg6 {[%clk 1:01:00]} 26. Qxd8 {[%clk 0:31:00]} Bc6 {[%clk 1:01:00]}
27. Qd3 {[%clk 0:22:00]} Qd4 {[%clk 1:01:00]} 28. Qf3 {[%clk 0:21:00]} Rf7 {[%clk
1:00:00]} 29. Rd1 {[%clk 0:19:47]} Qc5 {[%clk 1:01:00]} 30. Ne2 {[%clk 0:15:48]}
Nd6 {[%clk 1:00:00]} 31. Ng3 {[%clk 0:15:58]} h4 {[%clk 1:00:00]} 32. Qd3 {[%clk
0:14:20]} Nb7 {[%clk 0:59:00]} 33. Nf1 {[%clk 0:13:53]} Rd7 {[%clk 0:51:00]} 34.
Qe2 {[%clk 0:13:36]} Rxd1 {[%clk 0:52:00]} 35. Qxd1 {[%clk 0:14:02]} Qd4 {[%clk
0:52:00]} 36. Qg4 {[%clk 0:11:32]} Nc5 {[%clk 0:52:00]} 37. Qxh4 {[%clk 0:09:32]}
Bxe4 {[%clk 0:51:00]} 38. Qh6 {[%clk 0:04:14]} Bxg2+ {[%clk 0:51:00]} 39. Kh2
{[%clk 0:04:32]} Qd7 {[%clk 0:50:00]} 40. Qxg6+ {[%clk 0:04:24]} Kf8 {[%clk
0:49:00]} 41. Qh6+ {[%clk 0:04:33]} Kg8 {[%clk 0:50:00]} 42. g6 {[%clk 0:04:47]}
Bxf1 {[%clk 0:49:00]} 43. f7+ {[%clk 0:05:03]} Qxf7 {[%clk 0:50:00]} 44. gxf7+
{[%clk 0:05:09]} Kxf7 {[%clk 0:50:00]} 45. Qe3 {[%clk 0:05:12]} Bxh3 {[%clk
0:50:00]} 46. Kxh3 {[%clk 0:05:18]} Nd7 {[%clk 0:51:00]} 47. Qf3+ {[%clk
0:05:26]} Ke7 {[%clk 0:51:00]} 48. Qb7 {[%clk 0:05:56]} Kd6 {[%clk 0:51:00]} 49.
Qxb5 {[%clk 0:06:08]} e4 {[%clk 0:51:00]} 50. Qe2 {[%clk 0:06:14]} Ke5 {[%clk
0:52:00]} 51. b4 {[%clk 0:05:52]} Nf6 {[%clk 0:52:00]} 52. b5 {[%clk 0:05:47]}
Nd5 {[%clk 0:52:00]} 53. Qh5+ {[%clk 0:06:08]} Kd6 {[%clk 0:53:00]} 54. Qf7
{[%clk 0:05:51]} e3 {[%clk 0:53:00]} 55. Qf3 {[%clk 0:05:18]} e2 {[%clk 0:53:00]}
56. Qg3+ {[%clk 0:05:32]} e5 {[%clk 0:53:00]} 57. Qe1 {[%clk 0:05:09]} e4 {[%clk
0:54:00]} 58. Kg3 {[%clk 0:05:07]} Kc5 {[%clk 0:53:00]} 59. Qxe2 {[%clk 0:05:16]}
Nc7 {[%clk 0:53:00]} 60. Qxe4 {[%clk 0:05:14]} Nxb5 {[%clk 0:53:00]} 61. Qe5+
{[%clk 0:05:32]} Kc6 {[%clk 0:53:00]} 62. c4 {[%clk 0:05:42]} Nd6 {[%clk
0:53:00]} 63. Qd5+ {[%clk 0:06:02]} Kc7 {[%clk 0:54:00]} 64. c5 {[%clk 0:06:13]}
Nb7 {[%clk 0:53:00]} 65. Kf4 {[%clk 0:06:05]} Nd8 {[%clk 0:54:00]} 66. Qd6+
{[%clk 0:06:23]} Kc8 {[%clk 0:54:00]} 67. c6 {[%clk 0:06:23]} 1-0

[Event "Campeonato España Sub 12"]
[Site "Salobreña"]
[Date "2017.07.13"]
[Round "6"]
[White "Zhou, Lulu"]
[Black "Badillo Ramos, Steve"]
[Result "1-0"]
[Board "3"]
[WhiteClock "1:30"]
[WhiteElo "1964"]
[WhiteCountry "ESP"]
[WhiteFideId "24540943"]
[WhiteEloChange "6"]
[BlackClock "1:30"]
[BlackElo "1802"]
[BlackCountry "ESP"]
[BlackFideId "24526150"]
[BlackEloChange "-6"]

1. e4 {[%clk 1:30:00]} c5 {[%clk 1:30:00]} 2. Nf3 {[%clk 1:31:00]} d6 {[%clk
1:31:00]} 3. d4 {[%clk 1:31:00]} cxd4 {[%clk 1:31:00]} 4. Nxd4 {[%clk 1:32:00]}
Nf6 {[%clk 1:32:00]} 5. Nc3 {[%clk 1:32:00]} g6 {[%clk 1:32:00]} 6. Be3 {[%clk
1:33:00]} Bg7 {[%clk 1:32:00]} 7. f3 {[%clk 1:33:00]} Nc6 {[%clk 1:33:00]} 8. Qd2
{[%clk 1:33:00]} O-O {[%clk 1:29:00]} 9. g4 {[%clk 1:34:00]} d5 {[%clk 1:23:00]}
10. g5 {[%clk 1:30:00]} Nh5 {[%clk 1:11:00]} 11. exd5 {[%clk 1:30:00]} Nb4 {[%clk
1:05:00]} 12. Bc4 {[%clk 1:19:00]} Qb6 {[%clk 1:02:00]} 13. O-O-O {[%clk
1:10:00]} Qc7 {[%clk 0:58:00]} 14. Bb3 {[%clk 1:03:00]} Na6 {[%clk 0:55:00]} 15.
Ndb5 {[%clk 0:59:00]} Qd7 {[%clk 0:49:00]} 16. d6 {[%clk 0:58:00]} b6 {[%clk
0:43:00]} 17. dxe7 {[%clk 0:48:00]} Qxe7 {[%clk 0:42:00]} 18. Ne4 {[%clk
0:28:00]} Bf5 {[%clk 0:37:00]} 19. Qd6 {[%clk 0:23:00]} Qe8 {[%clk 0:36:00]} 20.
Qd5 {[%clk 0:17:53]} Be6 {[%clk 0:36:00]} 21. Qd3 {[%clk 0:17:56]} Nb4 {[%clk
0:35:00]} 22. Qe2 {[%clk 0:17:41]} Bxb3 {[%clk 0:30:00]} 23. axb3 {[%clk
0:17:32]} Rc8 {[%clk 0:26:00]} 24. c3 {[%clk 0:16:28]} Qe6 {[%clk 0:25:00]} 25.
Kb1 {[%clk 0:14:04]} Nd5 {[%clk 0:23:00]} 26. Bd4 {[%clk 0:12:26]} Nhf4 {[%clk
0:20:00]} 27. Qf2 {[%clk 0:09:51]} Ne7 {[%clk 0:17:18]} 28. Bxg7 {[%clk 0:10:04]}
Nh3 {[%clk 0:08:33]} 29. Qh4 {[%clk 0:09:06]} Kxg7 {[%clk 0:08:57]} 30. Rd6
{[%clk 0:07:00]} Qe5 {[%clk 0:01:21]} 31. Qxh3 {[%clk 0:06:47]} Qxb5 {[%clk
0:01:46]} 32. Qh6+ {[%clk 0:06:53]} Kh8 {[%clk 0:02:12]} 33. Nf6 {[%clk 0:07:07]}
Qf5+ {[%clk 0:02:39]} 34. Kc1 {[%clk 0:06:37]} Qxf6 {[%clk 0:00:30]} 35. Rxf6
{[%clk 0:07:00]} Ng8 {[%clk 0:01:02]} 36. Qh4 {[%clk 0:07:00]} 1-0